000 00723nam a2200229Ia 4500
001 9610
003 GE_BSU
008 181216s||||||||xx |||||||||||||| ||und||
040 _cGE_BSU
080 _a821.353.1-1
100 _aმგელაძე,შუშანა
245 _aშემოდგომის წვიმა
245 _bლექსები
245 _cრედ:დ.ივარდავა,მხატვ:ე.ცაბაძე
260 _aთბილისი.
260 _bსაბჭ.საქართველო
260 _c1972.
300 _a38გვ;17სმ.
653 _aლექსები
653 _aშემოდგომის წვიმა
942 _cBK
999 _c42895
_d42895